<?xml version="1.0" encoding="UTF-8"?>
<record
    xmlns:xsi="http://www.w3.org/2001/XMLSchema-instance"
    xsi:schemaLocation="http://www.loc.gov/MARC21/slim http://www.loc.gov/standards/marcxml/schema/MARC21slim.xsd"
    xmlns="http://www.loc.gov/MARC21/slim">

  <leader>00712cam7a220021700 4500</leader>
  <controlfield tag="001">lce00136791</controlfield>
  <controlfield tag="008">761013s1977    cau      b    000 0 eng  </controlfield>
  <datafield tag="010" ind1=" " ind2=" ">
    <subfield code="a">   76048311</subfield>
  </datafield>
  <datafield tag="020" ind1=" " ind2=" ">
    <subfield code="c"></subfield>
    <subfield code="7">.00. a13.2..1.17</subfield>
    <subfield code="c"></subfield>
    <subfield code="4">.00</subfield>
  </datafield>
  <datafield tag="035" ind1=" " ind2=" ">
    <subfield code="a">(Sirsi) r16621</subfield>
  </datafield>
  <datafield tag="035" ind1=" " ind2=" ">
    <subfield code="a">(DLC)   76048311</subfield>
  </datafield>
  <datafield tag="035" ind1=" " ind2=" ">
    <subfield code="a">(UPRA)lce00136791</subfield>
  </datafield>
  <datafield tag="050" ind1="0" ind2=" ">
    <subfield code="a">PS3529.L655</subfield>
    <subfield code="b">F5 1977</subfield>
  </datafield>
  <datafield tag="082" ind1=" " ind2=" ">
    <subfield code="a">812/.5/4</subfield>
  </datafield>
  <datafield tag="100" ind1="1" ind2=" ">
    <subfield code="a">Olson, Charles, 1910-1970.</subfield>
    <subfield code="d">Olson, Charles, 1910-1970.</subfield>
    <subfield code="6">A63758.1</subfield>
  </datafield>
  <datafield tag="245" ind1="1" ind2="4">
    <subfield code="a">The fiery hunt and other plays /</subfield>
    <subfield code="c">Charles Olson.</subfield>
  </datafield>
  <datafield tag="260" ind1=" " ind2=" ">
    <subfield code="a">Bolinas, Calif. :</subfield>
    <subfield code="b">Four Seasons Foundation,</subfield>
    <subfield code="c">c1977.</subfield>
  </datafield>
  <datafield tag="504" ind1=" " ind2=" ">
    <subfield code="a">Includes bibliographical references.</subfield>
  </datafield>
  <datafield tag="949" ind1=" " ind2=" ">
    <subfield code="a">PS3529.L655</subfield>
    <subfield code="w">lcc</subfield>
    <subfield code="i">-11633</subfield>
    <subfield code="m">MAIN</subfield>
    <subfield code="t">BOOK</subfield>
    <subfield code="l">ON-SHELF</subfield>
  </datafield>
  <controlfield tag="004">16621</controlfield>
  <datafield tag="999" ind1=" " ind2=" ">
    <subfield code="c">159816</subfield>
    <subfield code="d">159816</subfield>
  </datafield>
</record>
